| 000 | 00524nam a22001817a 4500 | ||
|---|---|---|---|
| 005 | 20241028121842.0 | ||
| 008 | 241028b |||||||| |||| 00| 0 eng d | ||
| 020 | _a9780471286547 | ||
| 050 |
_aNA2708 _b.C49 |
||
| 100 | _aChing, Francis D. K. | ||
| 245 |
_aDesign Drawing _cFrancis D. K. Ching with Steven P. Juroszek |
||
| 260 |
_aNew York _bJohn Wiley & Sons _c1998 |
||
| 300 |
_avi. 346pages _bill. _c27.5cm _eCD-ROM |
||
| 500 | _aIncludes index | ||
| 650 | _2Drawing | ||
| 700 | _aJuroszek, Steven P. | ||
| 942 |
_2lcc _cBK _n0 |
||
| 999 |
_c278 _d278 |
||